Istruzione in materia amministrativa

সংরক্ষণ করুন:
গ্রন্থ-পঞ্জীর বিবরন
বিন্যাস: গ্রন্থ
ভাষা:ইতালিয়
প্রকাশিত: Turín Edizioni Paoline 1992
সংস্করন:2a. ed
মালা:Magisterio, 192
বিষয়গুলি:
ট্যাগগুলো: ট্যাগ যুক্ত করুন
কোনো ট্যাগ নেই, প্রথমজন হিসাবে ট্যাগ করুন!

MARC

LEADER 00000nam a2200000 a 4500
001 UCV3300
003 CL-VaPUC
008 930517e19920000IT |||||||||||||||||ita|d
082 0 4 |a 262.17  |b IST  |2 21 
245 1 0 |a Istruzione in materia amministrativa 
250 |a 2a. ed 
300 |a 112 p 
942 |c BK 
945 |d 19930517 00:00:00 
260 |a Turín  |b Edizioni Paoline  |c 1992 
650 7 |a IGLESIA AUTORIDAD  |2 CL-VaPUC  |9 258735 
583 |a last modification  |c 19930517 00:00:00  |k Rodrigo Vera 
490 0 |a Magisterio, 192 
999 |c 210573  |d 210571 
952 |0 0  |1 0  |4 0  |6 262_170000000000000_IST_1992  |7 0  |8 DER_HDC  |9 186924  |a BIBDER  |b BIBDER  |d 2019-11-14  |i 2545403  |o 262.17 IST 1992  |p 2545403  |r 2023-01-25  |w 2019-11-14  |x Ubicación 4to Piso  |y BK  |z Estos recursos deben solicitarse con anticipación  |k DER